000 00395nam a2200133 a 4500
001 000046437
005 20201002052853.0
008 150813s1992 dr ab 000 0 spa d
040 _aDO-SdBNP
_bspa
_cBNPHU
082 _axxxxxxxxx
_bxxxxxxxxxx
245 0 0 _a...Y dimos frutos / :
_b(25 aƱos de historia).
260 _aSanto Domingo :
_bProfamilia,
_c1992.
300 _a134 p. :
_bil., map. ;
_c27 cm.
999 _c45926
_d45926